LIBRARY & INFORMATION CENTRE, KCAET, TAVANUR

ONLINE PUBLIC ACCESS CATALOGUE (OPAC)

Text book of entomology / (Record no. 1506)

MARC details
000 -LEADER
fixed length control field 00387cam a2200157ua 4500
041 ## - LANGUAGE CODE
Language code of text/sound track or separate title eng
082 ## - DEWEY DECIMAL CLASSIFICATION NUMBER
Classification number 632.7
Item number ROS/TE
100 ## - MAIN ENTRY--AUTHOR NAME
Personal name Ross, Herbert.H .
245 ## - TITLE STATEMENT
Title Text book of entomology /
250 ## - EDITION STATEMENT
Edition statement 2 /
260 ## - PUBLICATION, DISTRIBUTION, ETC. (IMPRINT)
Place of publication New York :
Name of publisher John Wiley & Sons ,
Year of publication 1956.
300 ## - PHYSICAL DESCRIPTION
Number of Pages 519 ; .
942 ## - ADDED ENTRY ELEMENTS (KOHA)
Koha item type Books
Holdings
Withdrawn status Lost status Damaged status Home library Current library Date acquired Full call number Accession Number Koha item type
Withdrawn     KAUAET KAUAET 07/04/2012 632.7 8111 Books
free website counter